000 03305cam a2200349 4500500
005 20260322005243.0
041 _afre
042 _adc
100 1 0 _aLee, Yu-Tse
_eauthor
700 1 0 _aSimon, Anne-Catherine
_eauthor
700 1 0 _aArnold, Aron
_eauthor
245 0 0 _aAu-delà de la féminité : nouveaux horizons du sajiao dans la société taïwanaise
260 _c2025.
500 _a14
520 _aCette étude explore le sajiao pratiqué à Taiwan. Pratique principalement associée aux femmes, caractérisée par une voix et un comportement enfantin. Traditionnellement utilisé dans des contextes intimes, le sajiao renforce une image de féminité et de dépendance, tout en agissant comme une stratégie de politesse pour subvertir les dynamiques de pouvoir et obtenir des faveurs. Depuis plus d’une décennie, son usage s’étend aux hommes, y compris dans des contextes professionnels, reflétant des changements sociétaux significatifs. L’étude examine empiriquement comment cette pratique persiste et s’adapte dans une société en évolution. Les résultats confirment que le sajiao est adopté quel que soit le genre ou l’orientation sexuelle – il transcende ainsi les frontières.
520 _aThis study explores the phenomenon of sajiao in Taiwan, a linguistic practice primarily associated with women and characterized by a childlike voice and behavior. Traditionally used in intimate contexts, sajiao reinforces an image of femininity and dependence while serving as a politeness strategy to subvert power dynamics and get one’s way. Over the past decade, its use has expanded to include men, even in professional contexts, reflecting significant societal change. This study sheds empirical light on the persistence and evolution of this practice within a changing society. The findings confirm that sajiao is adopted by people of all genders and sexual orientations—in this sense, it transcends boundaries.
520 _aEste estudio explora el fenómeno de sajiao en Taiwán, una práctica principalmente asociada a las mujeres y caracterizada por una voz y un comportamiento infantiles. Tradicionalmente utilizado en contextos íntimos, el sajiao refuerza una imagen de feminidad y dependencia, al tiempo que actúa como una estrategia de cortesía para subvertir las dinámicas de poder y obtener favores. Desde hace más de una década, su uso se ha extendido a los hombres, incluso en contextos profesionales, lo que refleja cambios sociales significativos. El estudio examina de forma empírica cómo esta práctica persiste y se adapta en una sociedad en evolución. Los resultados confirman que el sajiao se adopta independientemente del género o la orientación sexual, por lo que trasciende las fronteras.
690 _agenre
690 _apolitesse
690 _apratiques langagières
690 _asociophonétique
690 _astéréotype
690 _aTaïwan
690 _agender
690 _alanguage practices
690 _apoliteness
690 _asociophonetics
690 _astereotype
690 _aTaiwan
786 0 _nLangage et société | 186 | 3 | 2025-12-22 | p. 87-115 | 0181-4095
856 4 1 _uhttps://shs.cairn.info/revue-langage-et-societe-2025-3-page-87?lang=fr&redirect-ssocas=7080
999 _c1746919
_d1746919